Antología, relatos de misterio
Spremljeno u:
| Format: | Knjiga |
|---|---|
| Jezik: | španjolski |
| Izdano: |
Barcelona
Andrés Bello
1998
|
| Izdanje: | 1a. ed |
| Teme: | |
| Oznake: |
Dodaj oznaku
Bez oznaka, Budi prvi tko označuje ovaj zapis!
|
MARC
| LEADER | 00000nam a2200000 a 4500 | ||
|---|---|---|---|
| 001 | UCH8555 | ||
| 003 | CL-VaPUC | ||
| 005 | 20211029145941.0 | ||
| 008 | 091127e19980600SP |||||||||||||||||spa|d | ||
| 999 | |c 338766 |d 338764 | ||
| 020 | |a 848969140i | ||
| 040 | |c Pontificia Universidad Católica de Valparaíso | ||
| 082 | 0 | 4 | |a 823 |b ANT |2 21 |
| 245 | 1 | 0 | |a Antología, relatos de misterio |
| 250 | |a 1a. ed | ||
| 260 | |a Barcelona |b Andrés Bello |c 1998 | ||
| 300 | |a 242 p | ||
| 500 | |a Recopilado por Natalia Roa Vial | ||
| 583 | |a last modification |c 20091127 00:00:00 |k Rodrigo Vera | ||
| 600 | 0 | 7 | |a AKINADI, UEDA |2 CL-VaPUC |9 545148 |
| 600 | 0 | 7 | |a POTOCKI, JEAN |2 CL-VaPUC |9 545149 |
| 600 | 0 | 7 | |a SHERIDAN LE FANU, TURGUENIEV, IVAN |2 CL-VaPUC |9 545150 |
| 600 | 0 | 7 | |a Maupassant, Guy de, |d 1850-1893 |9 864003 |
| 600 | 0 | 7 | |a RHODES JAMES, MONTAGUE |2 CL-VaPUC |9 545151 |
| 600 | 0 | 7 | |a WHARTON, EDITH |2 CL-VaPUC |9 545152 |
| 600 | 0 | |a Machen, Arthur, |d 1863-1947 |9 462389 | |
| 600 | 0 | 7 | |a BLACKWOOD, ALGERNON |2 CL-VaPUC |9 545153 |
| 650 | 0 | |a Literatura inglesa |9 312907 | |
| 650 | 7 | |a LITERATURA NORTEAMERICANA |2 CL-VaPUC |9 545154 | |
| 942 | |c BK |2 ddc | ||
| 945 | |d 20091127 00:00:00 |a lazolas | ||